Housing price dynamics and market fundamentals: the parisian housing market (Record no. 56917)

000 -LEADER
fixed length control field 00406pab a2200157 454500
008 - FIXED-LENGTH DATA ELEMENTS--GENERAL INFORMATION
fixed length control field 180718b2003 xxu||||| |||| 00| 0 eng d
100 ## - MAIN ENTRY--PERSONAL NAME
Personal name Meese, Richard
245 ## - TITLE STATEMENT
Title Housing price dynamics and market fundamentals: the parisian housing market
260 ## - PUBLICATION, DISTRIBUTION, ETC.
Date of publication, distribution, etc. 2003
300 ## - PHYSICAL DESCRIPTION
Extent p.1027-045.
362 ## - DATES OF PUBLICATION AND/OR SEQUENTIAL DESIGNATION
Dates of publication and/or sequential designation May
650 ## - SUBJECT ADDED ENTRY--TOPICAL TERM
Topical term or geographic name entry element Housing
700 ## - ADDED ENTRY--PERSONAL NAME
Personal name Wallace, Nancy
773 ## - HOST ITEM ENTRY
Main entry heading Urban Studies
909 ## -
-- 56917
Holdings
Withdrawn status Lost status Damaged status Not for loan Permanent Location Current Location Date acquired Serial Enumeration / chronology Barcode Date last seen Price effective from Koha item type
        Indian Institute of Public Administration Indian Institute of Public Administration 2018-07-19 Volume no: 40, Issue no: 5-6 AR57362 2018-07-19 2018-07-19 Articles

Powered by Koha